Give Me A Minute - Album (Lizzy Mcalpine) - Statistics

General Stats
  • This quiz has been taken 31 times
  • The average score is 10 of 13
Answer Stats
# Title % Correct
10. Pancakes for Dinner
100%
1. Give Me A Minute
94%
12. Apple Pie
88%
13. Headstones and Land Mines
88%
3. Over-the-Ocean Call (Andrew)
82%
7. (Interlude) You, Love
76%
11. How Do I Tell You?
71%
8. Means Something
71%
2. Nothing/Sad N Stuff
71%
9. Same Boat
71%
6. To The Mountains
71%
4. I Knew
59%
5. Where Do I Go?
59%
No matching quizzes found
Score Distribution
Percent of People with Each Score
Percentile by Number Answered
Your Score History
You have not taken this quiz